Stray Kids Alphabet song - Statistics

General Stats
  • This quiz has been taken 404 times
    228 since last reset
  • The average score is 19 of 24
Answer Stats
Hint Answer % Correct
C Chronosaurus / Cheese / Charmer / Case 143 / Chill / Can’t stop / Circus / Connected / Close / Collision / Comflex / Cover me / Chk chk boom / Christmas love / Christmas evel / Cinema
97%
M Mirror / My pace / M.I.A. / My side / Miroh / Maze of memories / Mixtape / My Universe / Maniac / Muddy water / Miss you / Maknae on top / Megaverse / Mountains
95%
S Spread my wings / School Life / Side effects / Stop / Sunshine / Slump / Ssick / Sorry I love you / Silent cry / Secret secret / Star lost / Surfin’ / Superboard / Stars and raindrops / Streetlight / Scars / S-Class / Super bowl / Social Path / Stray kids / Saiyan / So good / Slash
94%
H Hellevator / Hero’s soup / Haven / Hug me / Happy / Hall of fame / Hallucination / Hold my hand / Hello Stranger / Hollow
92%
T TMT / TA / TOP / The tortoise and the hare / Thunderous / The view / Taste / The sound / Topline / Twilight / Truman
92%
B Beware / Boxer / Booster / Blueprint / Back door / B me / Because / Battle Ground / Blind spot / Bounce back / Butterflies / Burnin’ tires
90%
G Glow / Grow up / Get cool / Go live / God’s menu / Gone away / Give me your TMI / Get lit / Giant
90%
D District 9 / Double knot / Domino / Doodle / Deep end / Drive / DLMLU / DLC
89%
R Rock / Road not taken / Red lights / Run / Runners / Railway
88%
U Up all night / U / Unfair / Ultra
88%
A Awaken / Awkward silence / Astronaut / Airplane / Another Day / Any / All in / Alien / As we are
84%
L Levanter / Lonely St / Limbo / Love untold / Lost me / Lalalala / Leave me
84%
W Who? / We go / Wow / Wolfgang / Waiting for us / Wish you back / Why? / Walkin on water / Winter falls
83%
Y Yayaya / You. / You can stay / Youtifum / Youth / Your eyes
82%
E Entrance / Easy / Ex / Escape
79%
F FAM / Freeze / FNF / Falling up / Fairytale
79%
I Insomnia / I am you / I hate to admit / I got it / ice.cream / Item / I like it
79%
V Voices / Victory song / Venom
76%
N Not! / NS / Novel / Night / Never alone
75%
J JJAM / Just a little
74%
P Pacemaker / Phobia / Piece of a puzzle / Parade
61%
Q Question
60%
Z Zone
41%
O One day
26%
No matching quizzes found
Score Distribution
Percent of People with Each Score
Percentile by Number Answered
Your Score History
You have not taken this quiz since the last reset